000 00303nam a2200121Ia 4500
008 190216s9999||||xx |||||||||||||| ||und||
100 _aSurya Narayana Iyer S And Santiagoa
245 0 _aText Book Of Algebra
260 _bMir Pubs Moscow
_c1968
300 _a408p
650 _aMathematics
942 _cBK
999 _c30566
_d30566